<?xml version="1.0" encoding="UTF-8"?><?xml-stylesheet type="text/xsl" href="static/style.xsl"?><OAI-PMH xmlns="http://www.openarchives.org/OAI/2.0/" xmlns:xsi="http://www.w3.org/2001/XMLSchema-instance" xsi:schemaLocation="http://www.openarchives.org/OAI/2.0/ http://www.openarchives.org/OAI/2.0/OAI-PMH.xsd"><responseDate>2026-06-29T23:01:34Z</responseDate><request verb="GetRecord" identifier="oai:riubu.ubu.es:10259/7537" metadataPrefix="marc">https://riubu.ubu.es/oai/request</request><GetRecord><record><header><identifier>oai:riubu.ubu.es:10259/7537</identifier><datestamp>2024-05-14T10:45:28Z</datestamp><setSpec>com_10259_6229</setSpec><setSpec>com_10259_4534</setSpec><setSpec>com_10259.4_106</setSpec><setSpec>com_10259_2604</setSpec><setSpec>com_10259_4393</setSpec><setSpec>com_10259_5086</setSpec><setSpec>col_10259_6230</setSpec><setSpec>col_10259_4394</setSpec></header><metadata><record xmlns="http://www.loc.gov/MARC21/slim" xmlns:doc="http://www.lyncode.com/xoai" xmlns:xsi="http://www.w3.org/2001/XMLSchema-instance" xmlns:dcterms="http://purl.org/dc/terms/" xsi:schemaLocation="http://www.loc.gov/MARC21/slim http://www.loc.gov/standards/marcxml/schema/MARC21slim.xsd">
<leader>00925njm 22002777a 4500</leader>
<datafield tag="042" ind1=" " ind2=" ">
<subfield code="a">dc</subfield>
</datafield>
<datafield tag="720" ind1=" " ind2=" ">
<subfield code="a">Dieste Velasco, Mª Isabel</subfield>
<subfield code="e">author</subfield>
</datafield>
<datafield tag="720" ind1=" " ind2=" ">
<subfield code="a">García Rodríguez, Sol</subfield>
<subfield code="e">author</subfield>
</datafield>
<datafield tag="720" ind1=" " ind2=" ">
<subfield code="a">García Rodríguez, Ana</subfield>
<subfield code="e">author</subfield>
</datafield>
<datafield tag="720" ind1=" " ind2=" ">
<subfield code="a">Diez Mediavilla, Montserrat</subfield>
<subfield code="e">author</subfield>
</datafield>
<datafield tag="720" ind1=" " ind2=" ">
<subfield code="a">Alonso Tristán, Cristina</subfield>
<subfield code="e">author</subfield>
</datafield>
<datafield tag="260" ind1=" " ind2=" ">
<subfield code="c">2023-01</subfield>
</datafield>
<datafield tag="520" ind1=" " ind2=" ">
<subfield code="a">In the present study, different models constructed with meteorological variables are proposed for the determination of horizontal ultraviolet irradiance (IUV), on the basis of data collected&#xd;
at Burgos (Spain) during an experimental campaign between March 2020 and May 2022. The aim&#xd;
is to explore the effectiveness of a range of variables for modelling horizontal ultraviolet irradiance&#xd;
through a comparison of supervised artificial neural network (ANN) and regression model results.&#xd;
A preliminary feature selection process using the Pearson correlation coefficient was sufficient to&#xd;
determine the variables for use in the models. The following variables and their influence on horizontal ultraviolet irradiance were analyzed: horizontal global irradiance (IGH), clearness index (kt),&#xd;
solar altitude angle (α), horizontal beam irradiance (IBH), diffuse fraction (D), temperature (T), sky&#xd;
clearness (ε), cloud cover (Cc), horizontal diffuse irradiance (IDH), and sky brightness (∆). The ANN&#xd;
models yielded results of greater accuracy than the regression models.</subfield>
</datafield>
<datafield tag="024" ind2=" " ind1="8">
<subfield code="a">http://hdl.handle.net/10259/7537</subfield>
</datafield>
<datafield tag="024" ind2=" " ind1="8">
<subfield code="a">10.3390/app13031473</subfield>
</datafield>
<datafield tag="024" ind2=" " ind1="8">
<subfield code="a">2076-3417</subfield>
</datafield>
<datafield ind1=" " ind2=" " tag="653">
<subfield code="a">UV irradiance</subfield>
</datafield>
<datafield ind1=" " ind2=" " tag="653">
<subfield code="a">ANN</subfield>
</datafield>
<datafield ind1=" " ind2=" " tag="653">
<subfield code="a">Modeling</subfield>
</datafield>
<datafield ind1=" " ind2=" " tag="653">
<subfield code="a">Multilinear regression models</subfield>
</datafield>
<datafield tag="245" ind1="0" ind2="0">
<subfield code="a">Modeling Horizontal Ultraviolet Irradiance for All Sky Conditions by Using Artificial Neural Networks and Regression Models</subfield>
</datafield>
</record></metadata></record></GetRecord></OAI-PMH>